「田」のつく市町村名 - Statistics

General Stats
  • This quiz has been taken 27 times
  • The average score is 73 of 90
Answer Stats
郡名 市町村名 % Correct
柴田郡 柴田町
100%
太田市
100%
新発田市
100%
島田市
100%
秋田市
95%
北秋田市
95%
酒田市
95%
大田原市
95%
沼田市
95%
特別区部 墨田区
95%
小田原市
95%
足柄上郡 松田町
95%
田原市
95%
富田林市
95%
田辺市
95%
浜田市
95%
大田市
95%
田川市
95%
田村市
91%
特別区部 大田区
91%
上田市
91%
飯田市
91%
豊田市
91%
池田市
91%
大和高田市
91%
益田市
91%
安芸高田市
91%
江田島市
91%
日田市
91%
豊後高田市
91%
十和田市
86%
陸前高田市
86%
常陸太田市
86%
戸田市
86%
野田市
86%
特別区部 千代田区
86%
特別区部 世田谷区
86%
京田辺市
86%
山県郡 安芸太田町
86%
熊毛郡 田布施町
86%
竹田市
86%
中川郡(十勝国) 池田町
82%
柴田郡 村田町
82%
町田市
82%
今立郡 池田町
82%
富士吉田市
82%
北安曇郡 池田町
82%
揖斐郡 池田町
82%
磐田市
82%
下田市
82%
榛原郡 吉田町
82%
綴喜郡 宇治田原町
82%
三田市
82%
有田市
82%
三戸郡 田子町
77%
角田市
77%
上伊那郡 宮田村
77%
泉南郡 田尻町
77%
有田群 有田川町
77%
西松浦群 有田町
77%
雨竜群 沼田町
73%
南津軽郡 田舎館村
73%
下閉伊郡 山田町
73%
下閉伊郡 田野畑村
73%
九戸郡 野田村
73%
北村山郡 大石田町
73%
邑楽郡 千代田町
73%
半田市
73%
額田郡 幸田町
73%
岸和田市
73%
吹田市
73%
安芸郡 海田町
73%
安芸郡 田野町
73%
中津軽郡 鶴田町
68%
甘楽郡 下仁田町
68%
行田市
68%
北佐久郡 御代田町
68%
磯城郡 田原本町
68%
西牟婁郡 上富田町
68%
東津軽郡 蓬田村
64%
気仙郡 住田町
64%
石川郡 平田村
59%
鉾田市
59%
成田市
59%
南蒲原郡 田上町
59%
蓮田市
55%
田川郡 添田町
55%
田川郡 糸田町
55%
京都郡 苅田町
55%
安芸郡 安田町
50%
No matching quizzes found
Score Distribution
Percent of People with Each Score
Percentile by Number Answered
Your Score History
You have not taken this quiz